Central Library OPAC University of Rajshahi

Modern political theory / (Record no. 35809)

MARC details
000 -LEADER
fixed length control field 00642nam a22002297a 4500
001 - CONTROL NUMBER
control field 35809
003 - CONTROL NUMBER IDENTIFIER
rucl marc code BD-RjUL
005 - DATE AND TIME OF LATEST TRANSACTION
control field 20211209052401.0
008 - FIXED-LENGTH DATA ELEMENTS--GENERAL INFORMATION
fixed length control field 140612b xxu||||| |||| 00| 0 eng d
035 ## - SYSTEM CONTROL NUMBER
System control number (BD-RjUL)35904
040 ## - CATALOGING SOURCE
Original cataloging agency BD-RjUL
Language of cataloging eng
Transcribing agency BD-RjUL
Modifying agency BD-RjUL
041 ## - LANGUAGE CODE
Language code of text/sound track or separate title eng
082 ## - DEWEY DECIMAL CLASSIFICATION NUMBER
Classification number 320
Author mark and year VAM 1982
100 1# - MAIN ENTRY--PERSONAL NAME
Personal name Varma, S P
9 (RLIN) 109071
245 ## - TITLE STATEMENT
Title Modern political theory /
Statement of responsibility, etc. Varma, S P
250 ## - EDITION STATEMENT
Edition statement 2nd. rev. ed.
260 ## - PUBLICATION, DISTRIBUTION, ETC. (IMPRINT)
Place of publication, distribution, etc. Delhi :
Name of publisher, distributor, etc. Vikas Publishing House PVT Ltd.,
Date of publication, distribution, etc. 1975 [ Reprinted 1982].
300 ## - PHYSICAL DESCRIPTION
Pagination xvi, 426 p. ;
Size 22 cm.
504 ## - BIBLIOGRAPHY, ETC. NOTE
Bibliography, etc Includes index.
650 ## - SUBJECT ADDED ENTRY--TOPICAL TERM
Topical term or geographic name as entry element Political science
9 (RLIN) 109072
942 ## - ADDED ENTRY ELEMENTS (KOHA)
Source of classification or shelving scheme Dewey Decimal Classification
Koha item type Books
Holdings
Lost status Source of classification or shelving scheme Damaged status Not for loan Collection code Permanent Location Current Location Shelving location Date acquired Source of acquisition Cost, normal purchase price Total Checkouts Full call number Date last seen Copy number Koha item type
  Dewey Decimal Classification     Non-fiction Central Library, University of Rajshahi Central Library, University of Rajshahi   08/07/1982 Aligarh Library, Rajshahi. 285.00   320 VAM 1982 12/06/2014 C-2 Books
  Dewey Decimal Classification   Not For Loan Non-fiction Central Library, University of Rajshahi Central Library, University of Rajshahi Reading Room 08/07/1982 Aligarh Library, Rajshahi. 285.00   320 VAM 1982 12/06/2014 C-1 Books
  Dewey Decimal Classification     Non-fiction Central Library, University of Rajshahi Central Library, University of Rajshahi   08/07/1982 Aligarh Library, Rajshahi. 285.00   320 VAM 1982 12/06/2014 C-4 Books
  Dewey Decimal Classification     Non-fiction Central Library, University of Rajshahi Central Library, University of Rajshahi   08/07/1982 Aligar Library Dhaka 285.00   320 VAM 1982 12/06/2014 C-5 Books